000 01244nam a22003377a 4500
003 CHAP
005 20220329140633.0
008 971013s1981 us r 00010 d
010 _a55144
011 _a56116
035 _a60269
040 _cCHAP
082 _a338.10972
_bY3
100 0 0 _aYates, Paul Lamartine.
_9123018
245 1 0 _aMexico's agricultural dilemma
_c/por Paul Lamartine Yates
260 _aTucson, Az. :
_bUniversity of Arizona,
_c1981
300 _a291 p.
500 _aEd. abreviada y rev. de: El campo mexicano
590 _aBATCH-UPD
_b10
_c20130110
_lUCH01
_h0329
590 _aBATCH-UPD
_b10
_c20130110
_lUCH01
_h1828
590 _aBATCH-UPD
_b10
_c20130410
_lUCH01
_h0002
590 _aBATCH-UPD
_b10
_c20130914
_lUCH01
_h0042
590 _aCONVERSION
_b10
_c20130109
_lUCH01
_h1330
650 1 4 _aAgricultura
_xAspectos economicos
_zMexico.
_91312
650 1 4 _aAgricultura
_zMéxico.
_91932
901 _aBK
942 _cLIBRO
949 _a338.10972 Y3
_bBC
_cLIBRO
_d33724000363172
_eLIBRO
_fc.2
_h57715
_i60269
_mDirecto
_si
_t250.00
949 _a338.10972 Y3
_bBC
_cLIBRO
_d33724000363180
_eLIBRO
_h57714
_i60269
_mDirecto
_si
_t250.00
949 _a338.10972 Y3
_bBC
_cLIBRO
_d33724002253199
_eLIBRO
_fc.3
_gDonaciØn
_h115038
_i60269
_sb
999 _c55144
_d55144